01507nmm a2200277 i 4500003000900000005001700009007000300026008004100029040002300070100001000093245031400103264003800417300003100455336002700486337002900513338003900542347003100581502017600612504003000788505022800818650005701046650002501103650003101128700004101159856002901200DO-SdISF20250403112946.0ta240214s2020 dr a|||fom|d| 001 0 spa d aDO-SdISFbspaerda eautor10aNivel de apropiación que presentan los estudiantes, docentes de área de educación física y personal administrativo con relación a las competencias fundamentales del distrito 04 de Villa Altagracia, regional 04 de San Cristobal /csustentada : Hircania Sánchez ; asesor : Mauricio Javier Prada Rozo 1aSanto Domingo :bISFODOSU, c2020 a89 hojas :bilustraciones  2rdacontentatextobtxt acomputadorabc2rdamedia arecurso en líneabcr2rdacarrier aarchivo de textobPDF2rda aTesis para optar por el título de Maestría en Educación Física Integral - Instituto Superior de Formación Docente Salomé Ureña - ISFODOSU, Recinto EMH, 2020  aBibliografía en hoja 90 aIntroducción al problema de investigación 1 - Revisión de la literatura 25 - Metodología 37 - Presentación de los resultados 48 - Interpretación de los resultados 83 - Referencias bibliográficas 90 - Anexos 9614aEducación físicazRepública Dominicana2armarc10aHabilidades sociales10xEducación aCiudadanía1 aPrada Rozo, Mauricio Javier easesor zClic para Texto Completo